00270nam a2200097Ia 4500008004100000100002800041245003500069260004200104260000900146999001700155170620s9999 xx 000 0 und d aRao- Digumarti Bhaskara 0aAssessing Learning Achievement bNew Delhi- Discovery Publishing House c2006 c24297d24297